000 01368ntaaa2200289 4500
003 01
005 20251027203240.0
008 0714s1973 ag 01
040 _aAR-BaBN
_bspa
_cAR-BaBN
_eaacr
_dRIC
082 _a208 L56
100 _aLeskó, Béla
_98735
245 _aVox evangelii. Anuario de la Facultad Luterana de Teología. /
_cBéla Leskó
250 _a1 ed.
260 _aBuenos Aires :
_bFacultad Luterana de Teología,
_c1960
300 _a138 p.
500 _aAnuario de la Facultad Luterana de Teología que tiene como propósito propagar la universalidad de la Teología luterana
505 _tPrólogo /
_rDeibert, José H.
505 _tEl tema hermenéutico. Reflexiones sobre traducción de obras alemanas /
_rObermüller, Rodolfo
505 _tIsrael antiguo y la filosofía de la historia /
_rGehman, Henry S.
505 _tLa ley natural en el Antiguo Testamento /
_rGehman, Henry S.
505 _tEl lugar de la ley en la teología luterana actual /
_rLöfström, Inge
505 _tLa ordenación según Lutero y los reformadores luteranos /
_rMeyer, Handing
505 _tLa diferencia entre la justicia del mundo y la de Cristo /
_rMelanchton, Felipe (Introducción y trad., por Carlos Witthaus)
505 _tMúsica luterana /
_rDeibert, José H.
505 _tLa religión de Tomás Jefferson /
_rDeibert, José H.
942 _cBK
999 _c27922
_d27922